Municipalities of Kosovo on a Map - Statistics

General Stats
  • This quiz has been taken 2,456 times
  • The average score is 24 of 38
Answers on the Map
Answers color-coded by a green-red scale on the quiz's map according to % correct below.
 
Answer Stats
District Municipality % Correct
Pristina Pristina
96%
Mitrovica Mitrovica
93%
Prizren Prizren
93%
Peja Peja
91%
Gjakova Gjakova
88%
Gjilan Gjilan
87%
Ferizaj Ferizaj
86%
Pristina Podujeva
71%
Prizren Dragash
69%
Gjakova Deçan
67%
Pristina Fushë Kosovë
67%
Peja Istog
66%
Mitrovica Vushtrri
66%
Mitrovica Leposaviq
63%
Mitrovica North Mitrovica
62%
Mitrovica Skenderaj
62%
Prizren Suhareka
62%
Gjilan Kamenicë
60%
Mitrovica Zubin Potok
60%
Pristina Graçanicë
59%
Pristina Obiliq
59%
Ferizaj Kaçanik
58%
Peja Klinë
58%
Pristina Lipjan
58%
Mitrovica Zveçan
58%
Prizren Rahovec
56%
Pristina Glogovac
54%
Ferizaj Shtërpca
51%
Ferizaj Hani i Elezit
50%
Prizren Mamusha
49%
Prizren Malishevë
48%
Pristina Novo Brdo
48%
Gjakova Junik
47%
Ferizaj Shtime
47%
Gjilan Vitia
46%
Gjilan Kllokot
42%
Gjilan Ranillug
39%
Gjilan Partesh
36%
No matching quizzes found
Score Distribution
Percent of People with Each Score
Percentile by Number Answered
Your Score History
You have not taken this quiz